Učitavanje...

Fundamental problems in statistical mechanics

Bibliografski detalji
Glavni autor: Cohen, E G D
Format: Printed Book
Izdano: North-Holland Publishing Company, Amsterdam 1962
Teme:
LEADER 00529nam a2200193 4500
020
082 |a 330.0212 COH-F 
100 |a Cohen, E G D 
245 |a Fundamental problems in statistical mechanics 
250
260 |a North-Holland Publishing Company, Amsterdam  |c 1962 
300
490
500
590 |a Rajeev 
650 |a Economic statistics 
942 |c BK 
999 |c 106602  |d 106602 
952 |0 0  |1 0  |4 0  |6 330_021200000000000_COHF  |7 0  |9 120069  |a ECN  |b ECN  |l 0  |o 330.0212 COH-F  |p ECN03638  |r 2019-09-25  |w 2019-09-25  |y BK